An investigation on some cultural differences in social contacts between Vietnam and some countries it has relations with

Đã lưu trong:
書目詳細資料
主要作者: Đinh Thị Mai Vinh.
其他作者: Trương Thị Ngọc Khánh., Nguyễn Thị Tuyết, M.A. (hướng dẫn.)
格式: 圖書
語言:English
出版: Đà Nẵng : [Đại học Đà Nẵng], 1999.
主題:
標簽: 添加標簽
沒有標簽, 成為第一個標記此記錄!
Thư viện lưu trữ: Mạng thư viện Đại học Đà Nẵng
LEADER 01120cmm a2200349 i 4500
001 000044933
003 3897
005 20030818203245.0
008 010308b1999 vm 000 eng
040 |a IRC  |c IRC  |d IRC 
041 0 |a eng 
082 1 4 |a 306  |b ĐI-V 
100 1 |a Đinh Thị Mai Vinh. 
245 0 3 |a An investigation on some cultural differences in social contacts between Vietnam and some countries it has relations with  |h [Thesis - Luận văn] /  |c Đinh Thị Mai Vinh, Trương Thị Ngọc Khánh thực hiện ; Nguyễn Thị Tuyết hướng dẫn. 
260 |a Đà Nẵng :  |b [Đại học Đà Nẵng],  |c 1999. 
300 |a 49Tr. ;  |c 29cm. 
630 0 4 |a Anh ngữ. 
630 0 4 |a Culture. 
630 0 4 |a Khoá luận. 
650 0 4 |a Culture  |x Society. 
700 1 |a Trương Thị Ngọc Khánh. 
700 1 |a Nguyễn Thị Tuyết,  |c M.A.,  |e hướng dẫn. 
OWN |a DUT 
999 |a From the UDN01 
TYP |a Computer file 
TYP |a Monograph 
980 |a Mạng thư viện Đại học Đà Nẵng